LEADER 01011nam a2200301 i 4500 001 991001041109707536 005 20020507105527.0 008 960902s1993 ||| ||| | eng 020 $a9810203446 035 $ab10165204-39ule_inst 035 $aLE00641147$9ExL 040 $aDip.to Fisica$bita 084 $a53.3.11 084 $aQC20.7.K56K38 100 1 $aKauffman, Louis H.$057757 245 10$aKnots and physics /$cLouis H. Kauffman 250 $a2nd ed 260 $aSingapore :$bWorld Scientific,$cc1993 300 $axiv, 723 p. ;$c21 cm. 490 0 $aSeries on knots and everything ;$v1 500 $aIncludes bibliographical references and index. 650 4$aKnot polynomials 907 $a.b10165204$b17-02-17$c27-06-02 912 $a991001041109707536 945 $aLE006 53.3.11 KAU$g1$i2006000150330$lle006$o-$pE0.00$q-$rl$s- $t0$u1$v0$w1$x0$y.i10201002$z27-06-02 996 $aKnots and physics$9188032 997 $aUNISALENTO 998 $ale006$b01-01-96$cm$da $e-$feng$gxx $h0$i1